KT Tunstall: Drastic Fantastic

Bibliographic Details
Main Author: Puha, József, 1974- (Author)
Format: Article
Language:Hungarian
PhysicalDescription:Fotogr.
Subjects:

MARC

LEADER 00000nab a2200000 ar4500
001 vtls009162221
003 SK-MaSNL
005 20260303063344.0
008 071112c20071110xo ||||||o| 000 b|hun
015 |a SNBRB2007/11  |2 snkbucl 
038 |a SNKBUCL 
040 |a DSZK  |b slo  |c DSZK  |e AACR2 
041 0 |a hun 
044 |a xo  |c SK 
080 |a 78.071.2:784.66  |2 1997 
080 |a 784.66  |2 1997 
100 1 |a Puha, József,  |d 1974-  |4 aut  |9 841893 
245 1 0 |a KT Tunstall: Drastic Fantastic  |c Puha József 
300 |b Fotogr. 
600 0 7 |a KT Tunstall,  |d 1975-  |2 snkbucl  |9 1060441 
630 0 7 |a Drastic Fantastic (nahrávka CD)  |2 snkbucl  |9 1060442 
650 0 7 |a nahrávky CD  |2 snkbucl  |9 19639 
655 7 |a recenzie  |2 snkbucl  |9 21907 
773 0 |t Új szó  |g Évf. 60, sz. 259 (10.11.2007), o. 16 
773 0 8 |i Mell.:  |t Szalon  |g Évf. 1, sz. 42 (2007) 
852 |a SNK  |b KIS3GCP 
852 |a DSZK  |b KIS3GCP 
958 |a HU 
958 |a GB 
958 |a RC 
999 |c 1742713  |d 1744643